000 00218nam a2200097Ia 4500
008 190216s9999||||xx |||||||||||||| ||und||
100 _aNull
245 0 _aHindi-Nyad Ki Rav
260 _bMacmillan India Ltd
942 _cBK
999 _c18046
_d18046